The Memory Bank /

Guardado en:
書目詳細資料
主要作者: West, Wallace (autor)
格式: 圖書
語言:英语
出版: Nueva York, EUA : Airmont, 1962, c1961
標簽: 添加標簽
沒有標簽, 成為第一個標記此記錄!

MARC

LEADER 00000nam^a2200000^a^4500
001 000581176
005 20250521000000.0
009 20260310132604.909
037 |a Acervo ITESO - Biblioteca 
041 |a ING 
091 |a FAW. 00581 
100 |a West, Wallace  |e (autor) 
245 1 4 |a The Memory Bank / 
264 4 |a Nueva York, EUA :  |b Airmont,  |c 1962, c1961 
300 |a 127 p. 
336 |a texto  |b txt  |2 rdacontenido 
337 |a sin mediación  |b n  |2 rdamedio 
338 |a volumen  |b nc  |2 rdasoporte 
649 |a XX 
910 |a Fondo Adolfo J. Wriedt Kentzler 
920 |a Impresos - Libros 
930 |a Fondos Especiales 
940 |a Literatura 
905 |a 128 
901 |a 0500411010  |b IT2  |c ESP  |i D85539  |u 20250521 
902 |a https://opac.biblio.iteso.mx/vufind/Record/000581176